Gedichte

Bibliographic Details
Main Author: Kochendörffer, Franz (Author)
Format: Book
Language:English
PhysicalDescription:136 s.
Published: Pretzburg Sigmund Steiner 1888

MARC

LEADER 00000nam a2200000 a 4500
001 vtls008302404
003 SK-MaSNL
005 20260302074205.0
008 240315 000 0 eng
040 |a SNK  |b slo  |c SNK  |e AACR2 
100 1 |a Kochendörffer, Franz  |4 aut  |9 739508 
245 1 |a Gedichte 
260 |a Pretzburg  |b Sigmund Steiner  |c 1888 
300 |a 136 s. 
999 |c 1164032  |d 1165962 
952 |a SNK  |b SNK  |y PREZ  |7 0  |p 17A0794305  |o snkSD 28902   |0 0  |1 0  |4 0  |d 2013-08-06  |l 0  |r 2026-02-24 20:43:37  |w 2026-02-24 
952 |a SNK  |b SNK  |y VYP  |7 0  |p 17A0483516  |o snkSD 28902 D1  |i snkF 4273/80  |3 rekatalogizácia  |0 0  |1 0  |4 0  |d 2005-10-12  |l 0  |r 2026-02-24 20:43:37  |w 2026-02-24